JetPunk Type-Ins Quiz - Statistics

General Stats
  • This quiz has been taken 322 times
    83 since last reset
  • The average score is 19 of 30
Answer Stats
Type-In Answer % Correct
USA United States
100%
UK United Kingdom
97%
NYC New York
96%
NZ New Zealand
94%
UAE United Arab Emirates
94%
DRC Democratic Republic of the Congo
92%
JFK John F. Kennedy
89%
GB Great Britain
85%
NJ New Jersey
82%
CAR Central African Republic
78%
PRC China
74%
NH New Hampshire
74%
DPRK North Korea
74%
DR Dominican Republic
71%
PNG Papua New Guinea
71%
MLK Martin Luther King Jr.
68%
NSW New South Wales
67%
FSM Federated States of Micronesia
65%
ROK South Korea
65%
FYROM North Macedonia
61%
ROC Taiwan
57%
KSA Saudi Arabia
53%
ACT Australian Capital Territory
42%
OKC Oklahoma City
42%
PEI Prince Edward Island
35%
SLC Salt Lake City
33%
HCMC Ho Chi Minh City
31%
SJK Sri Jayawardenepura Kotte
19%
BSB Bandar Seri Begawan
18%
BH Belo Horizonte
13%
No matching quizzes found
Score Distribution
Percent of People with Each Score
Percentile by Number Answered
Your Score History
You have not taken this quiz since the last reset